Technical Writing (Record no. 33765)

000 -LEADER
fixed length control field 00382nam a22001697a 4500
003 - CONTROL NUMBER IDENTIFIER
control field NUST
020 ## - INTERNATIONAL STANDARD BOOK NUMBER
International Standard Book Number 9788120333345
038 ## - RECORD CONTENT LICENSOR
Staff Name khadija
082 ## - DEWEY DECIMAL CLASSIFICATION NUMBER
Classification number 808.0666
Author Mark BAS
100 ## - MAIN ENTRY--PERSONAL NAME
Personal name Basu, B. N.
9 (RLIN) 86996
245 ## - TITLE STATEMENT
Title Technical Writing
260 ## - PUBLICATION, DISTRIBUTION, ETC.
Place of publication, distribution, etc. New Delhi :
Name of publisher, distributor, etc. PHI Learning,
Date of publication, distribution, etc. 2015.
300 ## - PHYSICAL DESCRIPTION
Extent 151 p. ;
Other physical details 24 cm.
500 ## - GENERAL NOTE
General note Paperback.
563 ## - BINDING INFORMATION
Binding note PB
942 ## - ADDED ENTRY ELEMENTS (KOHA)
Koha item type Book
Source of classification or shelving scheme
Holdings
Withdrawn status Lost status Source of classification or shelving scheme Damaged status Not for loan Permanent Location Current Location Shelving location Date acquired Full call number Barcode Date last seen Price effective from Koha item type Collection code Total Checkouts Date last checked out
          Central Library (CL) Central Library (CL) Book Cart 07/09/2018 808.0666 CL2285 04/24/2019 07/09/2018 Book   1 04/24/2019
          School of Mechanical & Manufacturing Engineering (SMME) School of Mechanical & Manufacturing Engineering (SMME) General Stacks 05/16/2016 808.0666 BAS SMME-3013 03/29/2018 05/16/2016 Book      
© 2023 Central Library, National University of Sciences and Technology. All Rights Reserved.